LIBRARY & INFORMATION CENTRE, KCAET, TAVANUR

ONLINE PUBLIC ACCESS CATALOGUE (OPAC)

Dairy Technology - Volume - 1: Milk and Milk Processing (Record no. 14620)

MARC details
000 -LEADER
fixed length control field 00331nam a22001217a 4500
020 ## - INTERNATIONAL STANDARD BOOK NUMBER
ISBN 9789383305087
082 ## - DEWEY DECIMAL CLASSIFICATION NUMBER
Classification number 637.0954
Item number SHI/DA
100 ## - MAIN ENTRY--AUTHOR NAME
Personal name Shivashraya, Singh
245 ## - TITLE STATEMENT
Title Dairy Technology - Volume - 1: Milk and Milk Processing
260 ## - PUBLICATION, DISTRIBUTION, ETC. (IMPRINT)
Place of publication New Delhi
Name of publisher New India Publishing Agency
Year of publication 2014
300 ## - PHYSICAL DESCRIPTION
Number of Pages 294
942 ## - ADDED ENTRY ELEMENTS (KOHA)
Koha item type Books
Holdings
Withdrawn status Lost status Damaged status Collection code Home library Current library Shelving location Date acquired Source of acquisition Cost, normal purchase price Full call number Accession Number Koha item type
        KAUAET KAUAET General Stacks 21/07/2016 Arunima Book Distributors,TVPM 4230.00 637.0954 SHI/DA 24567 Books
free website counter